000 00313nam a22001457a 4500
008 210427b ||||| |||| 00| 0 eng d
020 _a9780138419257
041 _aeng
080 _22nd
_a541
082 _a541
100 _a12
101 _aKIM
245 _aOrganic Chemistry
_cBruice,P.Y
942 _2udc
_cBK
999 _c56842
_d56842